[Event "ICS rated blitz match"]
[Site "204.178.125.65"]
[Date "2001.08.22"]
[Round "?"]
[White "Hossa"]
[Black "nyul"]
[Result "1-0"]
[WhiteElo "2558"]
[BlackElo "2091"]
[PlyCount "193"]
[EventDate "2001.??.??"]

1. d4 d5 2. c4 e6 3. Nc3 Nf6 4. e3 c6 5. Nf3 Nbd7 6. Qc2 Bd6 7. Bd3 dxc4 8.
Bxc4 O-O 9. Bd2 e5 10. dxe5 Nxe5 11. Nxe5 Bxe5 12. O-O Qe7 13. Ne2 Be6 14. Bxe6
Qxe6 15. Rfd1 Rfd8 16. Bc3 Bxc3 17. Nxc3 Nd5 18. Rd4 Nxc3 19. Qxc3 Rxd4 20.
Qxd4 Qd5 21. Qxd5 cxd5 22. Rc1 Kf8 23. Rc7 b5 24. g3 a5 25. Rd7 b4 26. Rxd5 a4
27. Rb5 a3 28. Rxb4 axb2 29. Rxb2 Ke7 30. Kg2 Ke6 31. f4 f5 32. Kf3 g6 33. g4
fxg4+ 34. Kxg4 Kf6 35. h3 h5+ 36. Kf3 Ra3 37. h4 Kg7 38. Ke4 Kf6 39. Rg2 Ra4+
40. Kf3 Ra3 41. Rd2 Ra6 42. Rb2 Kf5 43. Rg2 Kf6 44. Re2 Kf5 45. Rf2 Kf6 46. Rc2
Kf5 47. Re2 Kf6 48. Ke4 Ra4+ 49. Kd3 Ra3+ 50. Kc4 Ra8 51. Rg2 Rc8+ 52. Kd4 Rd8+
53. Kc3 Rc8+ 54. Kd2 Rd8+ 55. Ke2 Ra8 56. Kd3 Ra3+ 57. Kd4 Ra4+ 58. Kd5 Ra5+
59. Kd6 Ra6+ 60. Kc5 Ra5+ 61. Kb4 Ra8 62. a4 Rb8+ 63. Kc4 Rc8+ 64. Kb5 Rb8+ 65.
Kc5 Rc8+ 66. Kb6 Rb8+ 67. Kc6 Rc8+ 68. Kb7 Rc3 69. a5 Rxe3 70. a6 Rb3+ 71. Ka8
Rd3 72. a7 Rd8+ 73. Kb7 Rd7+ 74. Ka6 Rd8 75. Rc2 Kf5 76. Rb2 Rd4 77. Rb5+ Kxf4
78. a8=Q Ra4+ 79. Ra5 Rxa5+ 80. Kxa5 Kg4 81. Qe4+ Kg3 82. Qxg6+ Kxh4 83. Kb5
Kh3 84. Kc5 h4 85. Kd4 Kh2 86. Qc2+ Kg3 87. Ke3 h3 88. Qg6+ Kh4 89. Qh6+ Kg4
90. Qf4+ Kh5 91. Qf7+ Kg4 92. Qf6 h2 93. Qg6+ Kh3 94. Qh5+ Kg2 95. Qf3+ Kg1 96.
Qf2+ Kh1 97. Qf1# {nyul checkmated} 1-0

[Event "ICS rated blitz match"]
[Site "204.178.125.65"]
[Date "2001.08.22"]
[Round "?"]
[White "nyul"]
[Black "Hossa"]
[Result "0-1"]
[WhiteElo "2089"]
[BlackElo "2560"]
[PlyCount "34"]
[EventDate "2001.??.??"]

1. e4 Nf6 2. Nc3 d6 3. d4 e5 4. dxe5 dxe5 5. Qxd8+ Kxd8 6. Bg5 Be6 7. O-O-O+
Kc8 8. Nf3 Nbd7 9. Bb5 c6 10. Ba4 Bb4 11. Rhe1 Bxc3 12. bxc3 Ng4 13. Be3 Bxa2
14. Bb3 Bxb3 15. cxb3 f6 16. Rd3 f5 17. exf5 e4 {nyul resigns} 0-1

[Event "ICS rated blitz match"]
[Site "204.178.125.65"]
[Date "2001.08.22"]
[Round "?"]
[White "nyul"]
[Black "Hossa"]
[Result "0-1"]
[WhiteElo "2085"]
[BlackElo "2564"]
[PlyCount "42"]
[EventDate "2001.??.??"]

1. e4 Nf6 2. Nc3 d6 3. d4 e5 4. dxe5 dxe5 5. Qxd8+ Kxd8 6. Bg5 Be6 7. O-O-O+
Kc8 8. f3 Bb4 9. Bxf6 gxf6 10. Nd5 Bxd5 11. Rxd5 Nd7 12. c3 Bc5 13. Bb5 c6 14.
Rxc5 Nxc5 15. Bc4 b5 16. Be2 Rd8 17. Kc2 Kb7 18. b4 Ne6 19. g3 a5 20. Kb3 axb4
21. cxb4 Rd2 {nyul resigns} 0-1

[Event "ICS rated blitz match"]
[Site "204.178.125.65"]
[Date "2001.08.22"]
[Round "?"]
[White "Hossa"]
[Black "nyul"]
[Result "1-0"]
[WhiteElo "2566"]
[BlackElo "2083"]
[PlyCount "75"]
[EventDate "2001.??.??"]

1. e4 e5 2. Nf3 Nc6 3. Bb5 a6 4. Ba4 Nf6 5. Nc3 b5 6. Bb3 Be7 7. d3 d6 8. Nd5
Na5 9. Nxe7 Qxe7 10. O-O Nxb3 11. axb3 Bg4 12. Bd2 c5 13. b4 Bxf3 14. Qxf3 Qe6
15. bxc5 dxc5 16. Qg3 O-O 17. f4 Nh5 18. Qf2 Nxf4 19. Bxf4 exf4 20. Qxc5 Rfc8
21. Qf2 g5 22. Rfe1 Qc6 23. c3 b4 24. Ra5 h6 25. cxb4 Qc2 26. Qxc2 Rxc2 27. b3
Rd2 28. d4 Rc8 29. Rxa6 Rcc2 30. Rxh6 Rxg2+ 31. Kh1 Rgd2 32. Rh5 f6 33. e5 Rxd4
34. exf6 Kf7 35. Rh6 f3 36. Re7+ Kg8 37. Rg7+ Kf8 38. Rh8# {nyul checkmated}
1-0

[Event "ICS rated blitz match"]
[Site "204.178.125.65"]
[Date "2001.08.22"]
[Round "?"]
[White "Hossa"]
[Black "Bounga-Iosif"]
[Result "1-0"]
[WhiteElo "2570"]
[BlackElo "2448"]
[PlyCount "117"]
[EventDate "2001.??.??"]

1. d4 Nf6 2. c4 g6 3. Nc3 d6 4. e4 Bg7 5. Bd3 O-O 6. Nf3 Nbd7 7. O-O e5 8. dxe5
Nxe5 9. Nxe5 dxe5 10. Qe2 c6 11. Rd1 Qe7 12. Bg5 Be6 13. Rd2 h6 14. Bh4 Rfd8
15. Rad1 g5 16. Bg3 Nd7 17. Nd5 cxd5 18. cxd5 Nc5 19. dxe6 Nxe6 20. Qh5 Qf6 21.
Bc4 Rxd2 22. Rxd2 Rf8 23. Bd5 b6 24. Rd1 Nf4 25. Bxf4 exf4 26. b4 Qc3 27. Rb1
Qc7 28. h4 Qe7 29. hxg5 Qxg5 30. Qh3 Kh7 31. Qd7 Bd4 32. Bxf7 Rd8 33. Qc7 f3
34. Bh5+ Bg7 35. Bxf3 Rg8 36. Rd1 Qe5 37. Qxa7 Kh8 38. Qxb6 Qf6 39. Qxf6 Bxf6
40. a4 Rb8 41. b5 Be5 42. Rd7 Kg8 43. Bg4 Bd4 44. Rxd4 Ra8 45. b6 Rb8 46. a5
Kf7 47. Rd7+ Kf6 48. b7 Ke5 49. a6 Kxe4 50. Bf3+ Ke5 51. a7 Rxb7 52. Bxb7 Kf4
53. Rd4+ Kg5 54. f4+ Kf6 55. Rd6+ Kf5 56. g3 Kg4 57. Kf2 Kh3 58. Rxh6+ Kg4 59.
Bc8# {Bounga-Iosif checkmated} 1-0

[Event "ICS rated blitz match"]
[Site "204.178.125.65"]
[Date "2001.08.22"]
[Round "?"]
[White "Hossa"]
[Black "monsoon"]
[Result "0-1"]
[WhiteElo "2581"]
[BlackElo "2604"]
[PlyCount "132"]
[EventDate "2001.??.??"]

1. e4 c5 2. Nf3 Nc6 3. d4 cxd4 4. Nxd4 Nf6 5. Nc3 e5 6. Ndb5 d6 7. Bg5 a6 8.
Na3 b5 9. Nd5 Be7 10. Nxe7 Nxe7 11. Bd3 Bb7 12. Bxf6 gxf6 13. Qd2 f5 14. f3
fxe4 15. fxe4 d5 16. Nxb5 axb5 17. Bxb5+ Bc6 18. Bxc6+ Nxc6 19. exd5 Nd4 20.
O-O Qxd5 21. Kh1 Qb5 22. Qf2 O-O 23. c3 Ne6 24. b4 Ra3 25. Qb2 Rfa8 26. Qf2 Nf4
27. Rfc1 Qd3 28. Rc2 Rc8 29. c4 Rxc4 30. Rd2 Qc3 31. Rd8+ Kg7 32. Rf1 Rxb4 33.
Qh4 Rxa2 34. Qg5+ Ng6 35. Qf6+ Kh6 36. Rg8 Ra1 37. Qg7+ Kg5 38. Qf6+ Kh5 39.
Qxf7 Rxf1+ 40. Qxf1 Re4 41. Qf5+ Kh6 42. h3 Re1+ 43. Kh2 Qe3 44. Rxg6+ hxg6 45.
Qf8+ Kh5 46. g4+ Kg5 47. Qe7+ Kf4 48. Qf6+ Ke4 49. Qc6+ Kd3 50. Qb5+ Kd2 51.
Qb2+ Kd1 52. Qb1+ Ke2 53. Qa2+ Qd2 54. Qxd2+ Kxd2 55. h4 Re4 56. h5 Rxg4 57. h6
Rh4+ 58. Kg3 Rxh6 59. Kg4 Rh5 60. Kf3 Rh4 61. Kg2 Rf4 62. Kg3 Ke1 63. Kg2 g5
64. Kg3 Kf1 65. Kh3 Kf2 66. Kh2 Rh4# {Hossa checkmated} 0-1

[Event "ICS rated blitz match"]
[Site "204.178.125.65"]
[Date "2001.08.22"]
[Round "?"]
[White "monsoon"]
[Black "Hossa"]
[Result "0-1"]
[WhiteElo "2619"]
[BlackElo "2566"]
[PlyCount "160"]
[EventDate "2001.??.??"]

1. e4 Nf6 2. e5 Nd5 3. d4 d6 4. Nf3 Nb6 5. Be2 Nc6 6. exd6 exd6 7. O-O Be7 8.
Nc3 O-O 9. Re1 Bf5 10. a3 Bf6 11. Be3 Re8 12. Qd2 d5 13. b3 a6 14. a4 Nb4 15.
Rac1 Nc6 16. Bf4 Qd7 17. Bd3 Bg4 18. Ne5 Bxe5 19. dxe5 d4 20. Na2 Bf5 21. Nb4
Ne7 22. Bxf5 Nxf5 23. c4 c5 24. a5 Nxc4 25. Rxc4 cxb4 26. Rec1 Rac8 27. Qxb4 d3
28. Rxc8 Rxc8 29. Rxc8+ Qxc8 30. h3 Qc6 31. Bd2 g6 32. Bg5 h6 33. Bd2 g5 34. g3
Qd5 35. Bc3 h5 36. Qc4 Qxc4 37. bxc4 Nd4 38. Kf1 Nf3 39. c5 Kh7 40. g4 hxg4 41.
hxg4 Kg6 42. Bb4 Nxe5 43. Ke1 Nxg4 44. Bc3 Kf5 45. f3 Ne5 46. Kf2 Nc4 47. Ke1
Kf4 48. Kf2 f5 49. Bd4 g4 50. fxg4 fxg4 51. Ke1 d2+ 52. Ke2 g3 53. c6 bxc6 54.
Bc5 g2 55. Bf2 Ke4 56. Bg1 Kd5 57. Bf2 c5 58. Kd1 Ke5 59. Bg1 Kd6 60. Bf2 Ke6
61. Ke2 Kd6 62. Kd1 Kc6 63. Kc2 Kb5 64. Kd1 Kb4 65. Kc2 Kxa5 66. Bxc5 Kb5 67.
Ba7 a5 68. Kd1 a4 69. Ke2 a3 70. Bf2 a2 71. Kf3 g1=N+ 72. Kg4 d1=Q+ 73. Kh4
Qd8+ 74. Kh5 Qd5+ 75. Kh6 Qd2+ 76. Kh7 Qxf2 77. Kg7 a1=Q+ 78. Kg8 Qa8+ 79. Kh7
Qf5+ 80. Kg7 Qaf8# {monsoon checkmated} 0-1

[Event "ICS rated blitz match"]
[Site "204.178.125.65"]
[Date "2001.08.22"]
[Round "?"]
[White "Hossa"]
[Black "monsoon"]
[Result "1/2-1/2"]
[WhiteElo "2584"]
[BlackElo "2601"]
[PlyCount "138"]
[EventDate "2001.??.??"]

1. d4 Nf6 2. c4 c5 3. Nf3 cxd4 4. Nxd4 e6 5. g3 Qc7 6. e3 Nc6 7. Nb5 Qe5 8. Bd2
Ne4 9. N1c3 Nxd2 10. Qxd2 a6 11. f4 Qb8 12. Nd4 Bc5 13. Bg2 O-O 14. O-O Qa7 15.
Rfd1 e5 16. fxe5 Nxe5 17. b3 d6 18. Nd5 Bg4 19. Rf1 Kh8 20. Qc3 Qb8 21. b4 Ba7
22. Be4 f5 23. Bxf5 Bxd4 24. exd4 Bxf5 25. dxe5 dxe5 26. Rf2 Qd6 27. Raf1 Bh3
28. Rxf8+ Rxf8 29. Rxf8+ Qxf8 30. Qe1 Qf5 31. Nf4 Bg4 32. Qd2 Qb1+ 33. Kf2 h6
34. Ng2 Bh3 35. Nh4 Qe4 36. a3 Bg4 37. Qd5 Qe2+ 38. Kg1 Kh7 39. Qf7 Qd3 40. Kf2
b6 41. Qe8 Qe2+ 42. Kg1 Qe3+ 43. Kg2 Qe4+ 44. Kf2 Bd1 45. Qd7 Qe2+ 46. Kg1 Qe1+
47. Kg2 Bc2 48. Qf7 Qe4+ 49. Kh3 Bd3 50. c5 bxc5 51. bxc5 Qa4 52. Ng2 Qc6 53.
Ne1 Qc8+ 54. g4 Qxc5 55. Nxd3 Qe3+ 56. Kg2 Qxd3 57. Qf8 e4 58. Qf5+ Kg8 59.
Qe6+ Kf8 60. Qf5+ Ke7 61. Qe5+ Kd8 62. Qxg7 Qe2+ 63. Kg3 Qf3+ 64. Kh4 Qf2+ 65.
Kh3 Qe3+ 66. Kh4 Qf2+ 67. Kh3 Qe3+ 68. Kh4 Qd2 69. Kh3 Qe3+ {
Game drawn by repetition} 1/2-1/2

[Event "ICS rated blitz match"]
[Site "204.178.125.65"]
[Date "2001.08.22"]
[Round "?"]
[White "monsoon"]
[Black "Hossa"]
[Result "0-1"]
[WhiteElo "2600"]
[BlackElo "2585"]
[PlyCount "132"]
[EventDate "2001.??.??"]

1. e4 Nf6 2. e5 Nd5 3. d4 d6 4. Nf3 Nb6 5. a4 dxe5 6. a5 N6d7 7. dxe5 e6 8. Bb5
c6 9. Bc4 Qc7 10. Qe2 Be7 11. O-O O-O 12. Bd2 c5 13. Qe4 Nc6 14. Bc3 Rd8 15.
Nbd2 Nf8 16. a6 b6 17. Rad1 Ng6 18. g3 Bd7 19. Bd3 Qc8 20. Qe3 Nb8 21. Qe2 Bc6
22. Rfe1 Bd5 23. Qf1 Qc7 24. Bc4 Nc6 25. Qg2 b5 26. Bxb5 Ngxe5 27. Bxe5 Nxe5
28. c4 Bxf3 29. Nxf3 Nd3 30. Re3 Nxb2 31. Rb1 Nd1 32. Reb3 Bf6 33. Ra3 Nc3 34.
Re1 Nxb5 35. cxb5 c4 36. Ra4 Rac8 37. Rc1 Bb2 38. Re1 Qb6 39. Re2 Qxb5 40. Ne1
Qxa4 41. Rxb2 Qxa6 42. Qb7 Qxb7 43. Rxb7 c3 44. Kg2 a5 45. Rb1 c2 46. Rc1 Rd2
47. Kh3 Rxf2 48. Nd3 Rd2 49. Ne1 Rc4 50. Nxc2 Rcxc2 51. Rb1 Rxh2+ 52. Kg4 h5+
53. Kf4 Rc4+ 54. Ke3 Rc3+ 55. Kd4 Rxg3 56. Ra1 Rh4+ 57. Kc5 Rc3+ 58. Kd6 Rd4+
59. Ke5 Rd5+ 60. Ke4 g5 61. Rf1 f5+ 62. Rxf5 Rc4+ 63. Ke3 exf5 64. Kf3 Rc2 65.
Ke3 Kh7 66. Kf3 Rd3# {monsoon checkmated} 0-1

[Event "ICS rated blitz match"]
[Site "204.178.125.65"]
[Date "2001.08.22"]
[Round "?"]
[White "Hossa"]
[Black "monsoon"]
[Result "1-0"]
[WhiteElo "2602"]
[BlackElo "2583"]
[PlyCount "147"]
[EventDate "2001.??.??"]

1. c4 Nf6 2. d4 g6 3. Nc3 d5 4. cxd5 Nxd5 5. e4 Nxc3 6. bxc3 Bg7 7. Nf3 c5 8.
Bc4 O-O 9. O-O Nc6 10. dxc5 Qa5 11. Be3 Bg4 12. Bd5 e6 13. Bxc6 bxc6 14. Qd7
Bxf3 15. gxf3 Bxc3 16. Rac1 Rfc8 17. Rc2 Rab8 18. Bf4 e5 19. Bh6 Bd4 20. Qe7
Qd8 21. Qxd8+ Rxd8 22. Bg5 Re8 23. Rd1 f5 24. Bc1 Rb1 25. Kg2 Reb8 26. exf5
gxf5 27. f4 R8b4 28. fxe5 Bxe5 29. Rd8+ Kf7 30. Rd7+ Kg6 31. Rxa7 Rg4+ 32. Kf3
Rh4 33. Ra6 Kf7 34. Rxc6 h5 35. Rb6 Rxb6 36. cxb6 Ke6 37. b7 Rb4 38. Re2 Rxb7
39. Bf4 Rb5 40. Rxe5+ Rxe5 41. Bxe5 Kxe5 42. a4 h4 43. a5 Kd5 44. Kf4 Ke6 45.
a6 Kf6 46. a7 Ke6 47. a8=Q Kf6 48. Qc6+ Kf7 49. Qd7+ Kf6 50. Qf7+ Kxf7 51. Kxf5
Kg8 52. Kg6 Kf8 53. f4 Ke7 54. f5 Ke8 55. Kg7 Kd7 56. f6 Kc6 57. f7 Kb5 58. Kg6
Ka6 59. Kf6 Kb5 60. Ke5 Kc5 61. h3 Kb4 62. Kd5 Kc3 63. Ke4 Kb4 64. Kd4 Ka5 65.
Kc4 Kb6 66. Kd5 Kc7 67. f8=Q Kb7 68. Qe7+ Kb6 69. Qd8+ Kb7 70. Qxh4 Kb6 71. Qh7
Ka5 72. Qb7 Ka4 73. Kc4 Ka5 74. Qb5# {monsoon checkmated} 1-0

[Event "ICS rated blitz match"]
[Site "204.178.125.65"]
[Date "2001.08.22"]
[Round "?"]
[White "Bounga-Iosif"]
[Black "Hossa"]
[Result "0-1"]
[WhiteElo "2425"]
[BlackElo "2617"]
[PlyCount "82"]
[EventDate "2001.??.??"]

1. d4 Nf6 2. e3 d5 3. Nf3 e6 4. Bd3 c5 5. c3 Bd7 6. Nbd2 Nc6 7. Qe2 cxd4 8.
exd4 Bd6 9. Ne5 Qe7 10. f4 O-O-O 11. b4 h5 12. a4 Kb8 13. a5 Qe8 14. b5 Ne7 15.
b6 a6 16. Ba3 Nc8 17. Nb3 Bxa3 18. Rxa3 Nd6 19. Nc5 Bb5 20. Rb3 Rc8 21. O-O
Nfe4 22. Bxb5 Nxb5 23. Ned7+ Ka8 24. Rc1 Nxd4 25. cxd4 Qxd7 26. Rb2 Qa4 27.
Rbc2 Qxd4+ 28. Kf1 Rxc5 29. Rxc5 Nxc5 30. Rd1 Qxf4+ 31. Qf2 Qxf2+ 32. Kxf2 Nb3
33. Re1 Nxa5 34. g3 Nc4 35. Rb1 e5 36. Ke2 Rh6 37. Rb4 Rxb6 38. Ra4 Rb2+ 39.
Kf3 Rxh2 40. Rb4 g5 41. Rb6 g4# {Bounga-Iosif checkmated} 0-1

[Event "ICS rated blitz match"]
[Site "204.178.125.65"]
[Date "2001.08.22"]
[Round "?"]
[White "Hossa"]
[Black "popugai"]
[Result "1-0"]
[WhiteElo "2634"]
[BlackElo "2172"]
[PlyCount "95"]
[EventDate "2001.??.??"]

1. d4 d5 2. c3 e6 3. e3 Nf6 4. Nf3 c6 5. Bd3 Qb6 6. O-O Bd6 7. b3 O-O 8. Ba3
Bxa3 9. Nxa3 Nbd7 10. Qc2 Re8 11. Ng5 h6 12. Bh7+ Kf8 13. Nxf7 Kxf7 14. Bg6+
Kf8 15. Bxe8 Kxe8 16. c4 Qb4 17. Qg6+ Kf8 18. Nc2 Qe7 19. f3 b6 20. e4 Ba6 21.
e5 Ne8 22. f4 Qf7 23. f5 Kg8 24. Qxe6 Qxe6 25. fxe6 Nf8 26. Nb4 Nxe6 27. Nxa6
dxc4 28. bxc4 Nxd4 29. Rf2 Nc7 30. Nxc7 Rc8 31. Rd1 c5 32. Nd5 Re8 33. Re1 Re6
34. Rf4 Nc6 35. Rfe4 Kh7 36. Nf4 Re8 37. e6 g5 38. Nd5 Kg6 39. e7 Kf5 40. g4+
Kg6 41. Re6+ Kf7 42. Rf6+ Kg7 43. Rxc6 a6 44. Nf6 Kf7 45. Nxe8 b5 46. Nd6+ Kf6
47. Nf5+ Kf7 48. e8=Q# {popugai checkmated} 1-0

[Event "ICS rated blitz match"]
[Site "204.178.125.65"]
[Date "2001.08.22"]
[Round "?"]
[White "Tinker"]
[Black "Hossa"]
[Result "0-1"]
[WhiteElo "2514"]
[BlackElo "2638"]
[PlyCount "156"]
[EventDate "2001.??.??"]

1. e4 Nf6 2. e5 Nd5 3. d4 d6 4. Nf3 Nb6 5. a4 dxe5 6. a5 N6d7 7. dxe5 e6 8. Ra4
Be7 9. Bd3 Nc6 10. Bb5 O-O 11. Bxc6 bxc6 12. Qe2 Nc5 13. Rd4 Qe8 14. Nbd2 Ba6
15. Nc4 Nb7 16. Bd2 c5 17. Rg4 Qa4 18. O-O h5 19. b3 Qa2 20. Rg3 h4 21. Rg4
Qxc2 22. Rxg7+ Kh8 23. Rg4 Rg8 24. Ne1 Qh7 25. Qf3 Rxg4 26. Qxg4 Rd8 27. Bc3
Rg8 28. Qf3 Nd8 29. Kh1 Bb7 30. Qh3 Qh5 31. Rg1 Bd5 32. a6 Nc6 33. Rf1 Nd4 34.
Ne3 Bxb3 35. f4 Qe2 36. Rg1 Ba4 37. f5 Bg5 38. Ng4 Nxf5 39. Ba1 Bc6 40. Nf3 Be7
41. Re1 Qxa6 42. Nf6 Bxf6 43. exf6 Qd3 44. Be5 a5 45. Bxc7 a4 46. Ra1 Qe3 47.
Be5 c4 48. Bd4 Qf4 49. Be5 Qh6 50. Bb2 Kh7 51. Re1 Qh5 52. Be5 Qg4 53. Qxg4
Rxg4 54. h3 Rg8 55. Ra1 Ne3 56. Ra3 Nxg2 57. Kh2 Bd5 58. Bc7 Kh8 59. Rc3 Bb7
60. Ra3 Kh7 61. Bd6 Kh6 62. Rc3 Kh5 63. Be5 Bxf3 64. Rxf3 Ne1 65. Ra3 Kg5 66.
Bc3 Nf3+ 67. Kg2 Kf4+ 68. Kf2 Ra8 69. Bb2 Ne5 70. Bxe5+ Kxe5 71. Ke3 Kxf6 72.
Kd4 Kg5 73. Kxc4 f5 74. Ra2 a3 75. Kb4 Kf4 76. Rxa3 Rxa3 77. Kc4 Rxh3 78. Kb4
Rb3+ {Tinker resigns} 0-1

[Event "ICS rated blitz match"]
[Site "204.178.125.65"]
[Date "2001.08.22"]
[Round "?"]
[White "Hossa"]
[Black "Tinker"]
[Result "1/2-1/2"]
[WhiteElo "2649"]
[BlackElo "2503"]
[PlyCount "41"]
[EventDate "2001.??.??"]

1. c4 Nf6 2. d4 e6 3. Nc3 Bb4 4. e3 c5 5. Nf3 b6 6. Bd3 Bb7 7. Bd2 O-O 8. O-O
cxd4 9. exd4 d5 10. cxd5 Bxc3 11. bxc3 Qxd5 12. Qc2 Qh5 13. Ne5 Qh4 14. Nc4
Bxg2 15. Kxg2 Qg4+ 16. Kh1 Qf3+ 17. Kg1 Qg4+ 18. Kh1 Qf3+ 19. Kg1 Qg4+ 20. Kh1
Qf3+ 21. Kg1 {Game drawn by repetition} 1/2-1/2

[Event "ICS rated blitz match"]
[Site "204.178.125.65"]
[Date "2001.08.22"]
[Round "?"]
[White "monsoon"]
[Black "Hossa"]
[Result "1-0"]
[WhiteElo "2540"]
[BlackElo "2643"]
[PlyCount "189"]
[EventDate "2001.??.??"]

1. e4 Nf6 2. e5 Nd5 3. d4 d6 4. c4 Nb6 5. f4 dxe5 6. fxe5 Nc6 7. Be3 Bf5 8. Nc3
e6 9. Nf3 Qd7 10. Be2 O-O-O 11. O-O f6 12. exf6 gxf6 13. d5 exd5 14. Nd4 Nxd4
15. Qxd4 Rg8 16. Nxd5 Nxd5 17. cxd5 a6 18. Qa7 Qxd5 19. g3 Qe5 20. Rxf5 Qxf5
21. Qa8+ Kd7 22. Qxb7 Qe6 23. Rd1+ Bd6 24. Bc5 Rb8 25. Qxa6 Ke7 26. Qa7 Qxe2
27. Qxc7+ Ke8 28. Qxd6 Kf7 29. b4 Rbe8 30. a4 Re6 31. Qd7+ Kg6 32. Rf1 h6 33.
a5 h5 34. Qd5 Qe4 35. Rd1 Qxd5 36. Rxd5 Re1+ 37. Kf2 Rge8 38. a6 R8e2+ 39. Kf3
Rxh2 40. b5 Rf1+ 41. Ke4 Re1+ 42. Be3 Rhe2 43. Rd3 Ra2 44. Kd5 Rb1 45. Kc6 Rc2+
46. Bc5 Ra1 47. Rd8 Kf5 48. Kb6 Rc4 49. Rh8 Kg4 50. Bd6 Rd4 51. Bc7 Rb4 52. Rd8
Rb3 53. Rd4+ Kg5 54. Rd5+ Kg6 55. Kb7 Rba3 56. Rd8 Kf5 57. Rh8 Kg4 58. Re8 R1a2
59. Rg8+ Kf3 60. Rf8 Kg2 61. Rxf6 Kh3 62. Rg6 Ra4 63. Rg5 Kg2 64. Rxh5 Kf3 65.
Rh4 R4a3 66. Rh8 Ra4 67. Rg8 Ra1 68. Bf4 Ra5 69. Rg5 R5a4 70. Rf5 Ke4 71. Rh5
R4a2 72. Rg5 Ra3 73. Bc7 R1a2 74. Re5+ Kf3 75. Rf5+ Ke4 76. g4 Ra1 77. Re5+ Kd4
78. Rg5 Ke4 79. Rg8 Kf3 80. g5 Ke4 81. g6 Rg1 82. g7 Raa1 83. Re8+ Kd5 84.
g8=Q+ Rxg8 85. Rxg8 Kc4 86. b6 Kb5 87. a7 Ra2 88. a8=Q Rxa8 89. Rxa8 Kc4 90.
Rd8 Kb5 91. Rd4 Kc5 92. Be5 Kb5 93. Bd6 Ka5 94. Kc6 Ka6 95. Ra4# {
Hossa checkmated} 1-0

[Event "ICS rated blitz match"]
[Site "204.178.125.65"]
[Date "2001.08.22"]
[Round "?"]
[White "Hossa"]
[Black "Tinker"]
[Result "1/2-1/2"]
[WhiteElo "2622"]
[BlackElo "2509"]
[PlyCount "101"]
[EventDate "2001.??.??"]

1. d4 d5 2. c3 Nf6 3. Nf3 c5 4. dxc5 e6 5. b4 Be7 6. e3 Nc6 7. Be2 O-O 8. O-O
e5 9. b5 Na5 10. Nxe5 Bxc5 11. Qc2 Bd6 12. Nf3 Ne4 13. Bd3 Re8 14. Ba3 Bxa3 15.
Nxa3 Bg4 16. Nd4 Rc8 17. Nb1 Qg5 18. Re1 Qh4 19. Bxe4 Rxe4 20. Nd2 Ree8 21. Qa4
Qd8 22. N4b3 Nxb3 23. axb3 Qg5 24. Qd4 Bh3 25. g3 a6 26. bxa6 bxa6 27. Rxa6 Be6
28. e4 dxe4 29. Nxe4 Qb5 30. Rb6 Qd5 31. Rd1 Qh5 32. Nd6 Red8 33. Rc1 Rc7 34.
c4 Rcd7 35. c5 Bd5 36. Qd3 Rc7 37. b4 Ba8 38. f4 Bf3 39. Rc3 Bc6 40. b5 Bd5 41.
Rc2 Re7 42. Qf1 Re3 43. Rd2 Rxg3+ 44. hxg3 Qh1+ 45. Kf2 Qf3+ 46. Ke1 Qe3+ 47.
Qe2 Qg1+ 48. Qf1 Qe3+ 49. Qe2 Qg1+ 50. Qf1 Qe3+ 51. Qe2 {
Game drawn by repetition} 1/2-1/2

[Event "ICS rated blitz match"]
[Site "204.178.125.65"]
[Date "2001.08.22"]
[Round "?"]
[White "monsoon"]
[Black "Hossa"]
[Result "0-1"]
[WhiteElo "2561"]
[BlackElo "2617"]
[PlyCount "115"]
[EventDate "2001.??.??"]

1. e4 Nf6 2. e5 Nd5 3. d4 d6 4. c4 Nb6 5. f4 dxe5 6. fxe5 Nc6 7. Be3 Bf5 8. Nc3
e6 9. Nf3 Bb4 10. Be2 Na5 11. c5 Nd5 12. Bd2 Nc6 13. O-O O-O 14. Kh1 a6 15. Qa4
Nde7 16. a3 Bxc3 17. Bxc3 Nd5 18. Bd2 Qd7 19. Qb3 b6 20. cxb6 cxb6 21. Qc4 Rfc8
22. Qa2 Bg4 23. Rad1 Ra7 24. Bc1 b5 25. Bg5 h6 26. Bd2 Rac7 27. Bd3 Bxf3 28.
Rxf3 Nxd4 29. Rff1 Nc2 30. Qb3 Qe7 31. Be4 Qc5 32. Ba5 Nce3 33. Bxc7 Rxc7 34.
Qd3 Nxd1 35. Rxd1 Rd7 36. Qf3 Nb6 37. Re1 Nc4 38. Bd3 Qd5 39. Bxc4 bxc4 40. Qc3
Qd2 41. Qc1 a5 42. h3 a4 43. Qxd2 Rxd2 44. Rc1 Rd4 45. Kh2 Kh7 46. g4 Kg6 47.
Kg3 f6 48. exf6 Kxf6 49. Kf3 Ke5 50. Rc3 Kd5 51. Ke2 e5 52. Rf3 Rf4 53. Rg3 Rf7
54. Kd1 Rf2 55. Kc1 e4 56. g5 Rf3 57. Rxf3 exf3 58. Kd1 {monsoon resigns} 0-1

[Event "ICS rated blitz match"]
[Site "204.178.125.65"]
[Date "2001.08.22"]
[Round "?"]
[White "monsoon"]
[Black "Hossa"]
[Result "1-0"]
[WhiteElo "2548"]
[BlackElo "2632"]
[PlyCount "80"]
[EventDate "2001.??.??"]

1. e4 Nf6 2. e5 Nd5 3. d4 d6 4. c4 Nb6 5. f4 dxe5 6. fxe5 Nc6 7. Be3 Bf5 8. Nc3
e6 9. Nf3 Bb4 10. Be2 Na5 11. O-O Naxc4 12. Bg5 f6 13. exf6 gxf6 14. Bc1 Qe7
15. Nh4 Bg6 16. Nxg6 hxg6 17. Bxc4 Nxc4 18. Qd3 O-O-O 19. Qxc4 Rxd4 20. Qe2 g5
21. g3 Rdd8 22. Ne4 Rh6 23. a3 Ba5 24. Be3 Bb6 25. Rf2 Rg8 26. Bxb6 axb6 27.
Rc1 f5 28. Nc3 Qc5 29. b4 Qc6 30. Rff1 Qd7 31. Nb5 c6 32. Qe5 Qg7 33. Qd6 Qd7
34. Na7+ Kd8 35. Qb8+ Ke7 36. Qxg8 Kf6 37. Rfd1 Qc7 38. Rd8 g4 39. Rf8+ Ke5 40.
Qg5 Ke4 {Hossa resigns} 1-0

[Event "ICS Rated blitz match"]
[Site "204.178.125.65"]
[Date "2001.08.22"]
[Round "?"]
[White "monsoon"]
[Black "Hossa"]
[Result "1/2-1/2"]
[WhiteElo "2568"]
[BlackElo "2612"]
[PlyCount "94"]
[EventDate "2001.??.??"]

1. e4 Nf6 2. e5 Nd5 3. d4 d6 4. c4 Nb6 5. f4 dxe5 6. fxe5 c5 7. d5 e6 8. Nc3
Qh4+ 9. g3 Qd4 10. Qxd4 cxd4 11. Nb5 Na6 12. d6 f6 13. Nf3 fxe5 14. Nxe5 g6 15.
Bg5 Bg7 16. d7+ Nxd7 17. Nd6+ Kf8 18. Nxd7+ Bxd7 19. Bg2 h6 20. O-O+ Kg8 21.
Be7 Bc6 22. Rae1 d3 23. Rxe6 Bd4+ 24. Kh1 Bxg2+ 25. Kxg2 Bxb2 26. Nxb7 Rb8 27.
Nd8 Nb4 28. Nf7 Rh7 29. Rxg6+ Rg7 30. Nxh6+ Kh7 31. Rxg7+ Bxg7 32. Nf5 Nxa2 33.
Kf3 Bf8 34. Bxf8 Rxf8 35. g4 Rd8 36. Rd1 Nc3 37. Rd2 Nb1 38. Rb2 Nc3 39. Rd2
Nb1 40. Rb2 Nc3 41. Rb7+ Kh8 42. Ne7 d2 43. Ng6+ Kg8 44. Ne7+ Kh8 45. Ng6+ Kg8
46. Ne7+ Kh8 47. Ng6+ Kg8 {Game drawn by repetition} 1/2-1/2

[Event "ICS Unrated blitz match"]
[Site "204.178.125.65"]
[Date "2001.08.22"]
[Round "?"]
[White "monsoon"]
[Black "Hossa"]
[Result "1-0"]
[WhiteElo "2570"]
[BlackElo "2610"]
[PlyCount "145"]
[EventDate "2001.??.??"]

1. e4 Nf6 2. e5 Nd5 3. d4 d6 4. c4 Nb6 5. f4 dxe5 6. fxe5 c5 7. d5 e6 8. Nc3
exd5 9. cxd5 c4 10. Nf3 Bb4 11. Bxc4 Nxc4 12. Qa4+ Nd7 13. Qxb4 Ndxe5 14. Nxe5
Nxe5 15. O-O f6 16. Bf4 a5 17. Qc5 b6 18. Qe3 Qe7 19. Bxe5 Qxe5 20. Qxe5+ fxe5
21. Rae1 Ra7 22. Rxe5+ Re7 23. Rfe1 Rxe5 24. Rxe5+ Kf7 25. Kf2 Rd8 26. Ke3 Kf6
27. Kd4 Bf5 28. h3 Bd7 29. Ne4+ Kg6 30. g4 h6 31. Re7 a4 32. Ke5 a3 33. bxa3 b5
34. Nc5 Bc8 35. d6 h5 36. gxh5+ Kxh5 37. d7 Kh4 38. Rxg7 Kxh3 39. dxc8=Q+ Rxc8
40. Ne6 Ra8 41. Nf4+ Kh2 42. Rg2+ Kh1 43. Rg3 Ra5 44. Nd5 Kh2 45. Rb3 Kg1 46.
Kd6 Kh2 47. Kc6 Kg2 48. Kb6 Ra8 49. Kxb5 Rb8+ 50. Kc5 Ra8 51. Kb5 Rb8+ 52. Ka6
Ra8+ 53. Kb7 Ra4 54. Kc6 Rd4 55. Rb4 Rd2 56. a4 Rxa2 57. Kb6 Ra3 58. a5 Kh3 59.
Nf4+ Kg4 60. a6 Kf5 61. Nd3 Kf6 62. Nc5 Re3 63. a7 Re8 64. Ka6 Rc8 65. Rb8 Rxc5
66. a8=Q Rc4 67. Qd5 Ra4+ 68. Kb5 Ra3 69. Rb6+ Ke7 70. Qe6+ Kf8 71. Qc8+ Kg7
72. Qd7+ Kg8 73. Rb8# {Hossa checkmated} 1-0

[Event "ICS Unrated blitz match"]
[Site "204.178.125.65"]
[Date "2001.08.22"]
[Round "?"]
[White "monsoon"]
[Black "Hossa"]
[Result "1-0"]
[WhiteElo "2570"]
[BlackElo "2610"]
[PlyCount "89"]
[EventDate "2001.??.??"]

1. e4 Nf6 2. e5 Nd5 3. d4 d6 4. c4 Nb6 5. f4 dxe5 6. fxe5 c5 7. d5 e6 8. Nc3
Qh4+ 9. g3 Qd4 10. Qe2 Bd7 11. Nf3 Qg4 12. Ng5 Qxe2+ 13. Bxe2 h6 14. dxe6 fxe6
15. Bh5+ Ke7 16. Nf7 Rg8 17. O-O Be8 18. Bg6 Nxc4 19. b3 Na5 20. Ne4 Nd7 21.
Bb2 Bxf7 22. Rxf7+ Kd8 23. Bh7 Rh8 24. Rd1 Be7 25. Rxg7 Nc6 26. Nf6 Ncb8 27.
Bg8 Bxf6 28. exf6 Kc8 29. Bxe6 Rd8 30. Be5 b5 31. Bxb8 Rxb8 32. Bxd7+ Kb7 33.
Be8+ Kb6 34. Rxd8 Rxd8 35. f7 Rd1+ 36. Kf2 Rd2+ 37. Ke3 Rxa2 38. f8=Q a6 39.
Qd6+ Ka5 40. Qxc5 Rc2 41. b4+ Ka4 42. Qxc2+ Ka3 43. Bf7 Kxb4 44. Rg4+ Ka5 45.
Qc7# {Hossa checkmated} 1-0